| 000 | 00705cam a22002413a 4500 | ||
|---|---|---|---|
| 001 | 10310 | ||
| 003 | PGUSA | ||
| 005 | 20140828083222.0 | ||
| 008 | 031101s2003||||xxu|||||s|||||000 | eng d | ||
| 040 |
_aPGUSA _beng |
||
| 042 | _adc | ||
| 050 | 4 | _aPR | |
| 100 | 1 |
_aSullivan, Arthur, _d1842-1900 |
|
| 245 | 1 | 0 |
_aAfter Dinner Toast at Little Menlo _h[electronic resource] / _cArthur Sullivan |
| 260 |
_bProject Gutenberg, _c2003 |
||
| 500 | _aRecorded October 5, 1888 at Little Menlo, London, England. | ||
| 506 | _aPublic domain in the USA. | ||
| 516 | _aElectronic text | ||
| 653 | _aToasts | ||
| 830 | 0 |
_aProject Gutenberg _v10310 |
|
| 856 | 4 | 0 | _uhttp://www.gutenberg.org/ebooks/10310 |
| 942 | _cEB | ||
| 999 |
_c239565 _d239565 |
||